|
|
|
|
| LEADER |
00000nam a22000007a 4500 |
| 005 |
20180503120951.0 |
| 007 |
cr|||| |||| |
| 008 |
180503c20049999cl ar|| s|||| 0|||b1spa d |
| 035 |
|
|
|a 21556
|
| 040 |
|
|
|a vLex
|
| 090 |
|
|
|c 7902
|d 7902
|
| 245 |
0 |
0 |
|a Sentencias destacadas
|h [Recurso electrn̤ico]
|
| 256 |
|
|
|a Servicio en ln̕ea
|
| 260 |
|
|
|a [S.L.] :
|b Fundacin̤ Libertad y Desarrollo,
|c 2004 -
|
| 300 |
|
|
|a 1 recurso electrn̤ico
|
| 362 |
|
|
|a Nm︢. 1 (2004) -
|
| 506 |
|
|
|a Disponible solo en los productos indicados
|d vLex Global
|d vLex Global (Academic Edition, excluding Law Schools)
|d vLex Global (U.S. Academic Edition, Law Schools)
|d vLex Global (U.S. Academic Edition, excluding Law Schools)
|d vLex Global (Academic Edition, Law Schools)
|
| 650 |
0 |
4 |
|a Jurisprudencia
|z Chile
|
| 740 |
0 |
|
|a vLex Revistas (Servicio en ln̕ea)
|
| 856 |
4 |
0 |
|u http://vlex.com/source/21556
|z Acceso restringido
|
| 942 |
|
|
|c REV
|
| 999 |
0 |
|
|a Jurisprudence
|